000 00250nam a2200097Ia 4500
005 20251222114348.0
008 251222s1900||||xx |||||||||||||| ||spa||
082 _aDVD0070/S29/2002
245 0 _aEl fantasma de la ópera:Phantom of the Opera
942 _cDVD
999 _c1139
_d1139